[Event "ICS rated standard match"]
[Site "204.178.125.65"]
[Date "2000.02.12"]
[Round "?"]
[White "Hossa"]
[Black "ELSEWIFI"]
[Result "1-0"]
[WhiteElo "2282"]
[BlackElo "1978"]
[PlyCount "47"]

1. e4 c5 2. Nf3 Nc6 3. d4 cxd4 4. Nxd4 Nf6 5. Nc3 d6 6. Bg5 e6 7. Qd2 Be7 8.
O-O-O O-O 9. f4 Nxd4 10. Qxd4 h6 11. Bh4 Qa5 12. Bc4 e5 13. fxe5 dxe5 14. Qd3
Bg4 15. Rdf1 Rfd8 16. Qg3 Rac8 17. Bb3 Rxc3 18. Qxc3 Bb4 19. Qg3 Bd2+ 20. Kb1
Bf4 21. Bxf6 Bxg3 22. Bxd8 Qxd8 23. Rxf7 Qh4 24. hxg3 1-0

[Event "ICS rated standard match"]
[Site "204.178.125.65"]
[Date "2000.02.12"]
[Round "?"]
[White "Bootemout"]
[Black "Hossa"]
[Result "0-1"]
[WhiteElo "2023"]
[BlackElo "2287"]
[PlyCount "150"]

1. d4 d5 2. Nf3 Nf6 3. g3 e6 4. Bg2 c5 5. e3 Be7 6. O-O O-O 7. Re1 Nc6 8. Nbd2
b6 9. c3 Ba6 10. Qa4 Qc8 11. a3 Bd3 12. Bf1 Bf5 13. Bb5 Nd8 14. Ba6 Nb7 15. Ne5
Bd6 16. Ndf3 Be4 17. Ng5 Bf5 18. f4 Qc7 19. Bd2 h6 20. Ngf3 Ne4 21. Re2 f6 22.
Nd3 Bg4 23. Nde1 Bh3 24. Bd3 f5 25. Bxe4 fxe4 26. Ne5 Bxe5 27. dxe5 Qxe5 28.
Qc6 Qh5 29. Rf2 Na5 30. Qa4 Qf5 31. b4 Nc4 32. Bc1 Qf6 33. Qb3 Rf7 34. Rb1 Rc8
35. Nc2 g6 36. Bd2 Ne5 37. Ne1 Nd3 38. Nxd3 c4 39. Qb2 cxd3 40. Rc1 Rc4 41. Kh1
Qf5 42. Kg1 Rf8 43. Kh1 Qg4 44. Rg1 Qh5 45. Qa1 Bg4 46. Rgf1 Qh3 47. Qe1 Rc7
48. Rg1 Bf3+ 49. Rxf3 exf3 50. Qf2 Qg4 51. Rf1 Re8 52. Kg1 Rc4 53. Qe1 e5 54.
fxe5 Rxe5 55. Rf2 Qe4 56. Qf1 Rf5 57. h3 Kf8 58. Kh2 Ke8 59. Qg1 Kd7 60. g4 Rf7
61. Qg3 Kc8 62. Qd6 Rcc7 63. a4 Kb7 64. a5 Rcd7 65. Qg3 b5 66. Kg1 Rf8 67. Kh1
Ka6 68. Kh2 h5 69. Kg1 hxg4 70. Qxg4 Qxg4+ 71. hxg4 Rh7 72. Be1 Rh4 73. Rd2
Rxg4+ 74. Kf1 Rh8 75. Rxd3 Rg2 0-1

[Event "ICS rated standard match"]
[Site "204.178.125.65"]
[Date "2000.02.13"]
[Round "?"]
[White "Hossa"]
[Black "Bootemout"]
[Result "1-0"]
[WhiteElo "2293"]
[BlackElo "2017"]
[PlyCount "97"]

1. e4 e6 2. d4 d5 3. Nc3 Bb4 4. e5 c5 5. a3 Bxc3+ 6. bxc3 Nc6 7. Bd3 c4 8. Be2
Qa5 9. Bd2 Qa4 10. Nf3 Nge7 11. O-O h6 12. Qb1 b5 13. Qb2 Bd7 14. Rab1 Rb8 15.
Bf4 Nc8 16. Rfe1 a6 17. Nd2 Nb6 18. Nf1 Qa5 19. Qa1 Na4 20. Bd2 Qd8 21. Ng3 Qh4
22. Nh5 O-O 23. Bxh6 gxh6 24. Nf6+ Kh8 25. Nxd7 Rg8 26. Nxb8 Nxb8 27. g3 Qg5
28. Rbd1 Nc6 29. Bf1 Ne7 30. Bg2 h5 31. Re3 Nf5 32. Rf3 Rg7 33. Bh3 Nh4 34. Rf6
Ng6 35. Kh1 h4 36. Rg1 Qd2 37. gxh4 Nxc3 38. h5 Nf4 39. Rxg7 Kxg7 40. Rxf4 Qxf4
41. Qxc3 Qc1+ 42. Kg2 Qg5+ 43. Qg3 Qxg3+ 44. Kxg3 a5 45. Bg4 b4 46. axb4 axb4
47. Bd1 f6 48. exf6+ Kxf6 49. Kf4 1-0

[Event "ICS rated standard match"]
[Site "204.178.125.65"]
[Date "2000.02.13"]
[Round "?"]
[White "Bootemout"]
[Black "Hossa"]
[Result "0-1"]
[WhiteElo "2012"]
[BlackElo "2298"]
[PlyCount "122"]

1. e4 e5 2. Nf3 Nc6 3. Nc3 Nf6 4. Bb5 Nd4 5. Ba4 Bc5 6. O-O Nxf3+ 7. Qxf3 c6 8.
d3 O-O 9. Bg5 d6 10. Bxf6 Qxf6 11. Qxf6 gxf6 12. Ne2 f5 13. Bb3 fxe4 14. dxe4
Kg7 15. Kh1 a5 16. f4 a4 17. Bc4 a3 18. b3 f5 19. fxe5 dxe5 20. exf5 Bxf5 21.
Bd3 Bxd3 22. cxd3 Rad8 23. Rxf8 Bxf8 24. Rd1 e4 25. d4 Bd6 26. g3 Rf8 27. Kg2
e3 28. Rf1 Rxf1 29. Kxf1 Kf6 30. Kg2 Bb4 31. Kf3 Bd2 32. Kf4 Ke6 33. Ke4 Kd6
34. g4 Ke7 35. Ke5 Be1 36. Ke4 Bf2 37. h3 Kf6 38. Kf4 Ke6 39. Ke4 Kd6 40. Nf4
b5 41. Kd3 Ke7 42. Ke4 Kf6 43. Kf3 Kg5 44. Ne2 Kh4 45. Kg2 Kg5 46. Kf3 Kh4 47.
Nf4 Kg5 48. Ng2 h6 49. Nxe3 Bxe3 50. Kxe3 Kh4 51. Kf4 b4 52. Kf5 Kxh3 53. g5
hxg5 54. Kxg5 Kg3 55. Kf5 Kf2 56. Ke5 Ke3 57. d5 cxd5 58. Kxd5 Kd3 59. Kc5 Kc3
60. Kb5 Kb2 61. Kxb4 Kxa2 0-1

[Event "ICS rated standard match"]
[Site "204.178.125.65"]
[Date "2000.02.13"]
[Round "?"]
[White "Hossa"]
[Black "Bootemout"]
[Result "1-0"]
[WhiteElo "2303"]
[BlackElo "2007"]
[PlyCount "82"]

1. e4 e5 2. Nf3 Nc6 3. Bb5 d6 4. d4 exd4 5. Nxd4 Bd7 6. Nc3 a6 7. Nxc6 bxc6 8.
Bc4 Be6 9. Qe2 Bxc4 10. Qxc4 Qd7 11. Qb3 Ne7 12. O-O g6 13. Bg5 Bg7 14. Bxe7
Kxe7 15. Qc4 Rhb8 16. b3 Kf8 17. Rad1 a5 18. a3 Re8 19. Ne2 Re5 20. f4 Rb5 21.
Ng3 d5 22. a4 Qe8 23. exd5 Rxd5 24. Rxd5 cxd5 25. Qxd5 Qe3+ 26. Kh1 Re8 27.
Qxa5 Bc3 28. Qxc7 Be1 29. f5 Bxg3 30. Qxg3 Qxg3 31. hxg3 Re2 32. Rc1 gxf5 33.
b4 Ke7 34. a5 Kd7 35. a6 Kc7 36. b5 Kb6 37. c4 Ra2 38. c5+ Kxb5 39. c6 Rxa6 40.
c7 Ra8 41. c8=Q Rxc8 1-0

[Event "ICS rated standard match"]
[Site "204.178.125.65"]
[Date "2000.02.13"]
[Round "?"]
[White "Hossa"]
[Black "pablocantuaria"]
[Result "1-0"]
[WhiteElo "2308"]
[BlackElo "2106"]
[PlyCount "42"]

1. e4 c6 2. d4 d5 3. Nc3 dxe4 4. Nxe4 Bf5 5. Ng3 Bg6 6. h4 h6 7. Nf3 Nd7 8. h5
Bh7 9. Bd3 Bxd3 10. Qxd3 Qc7 11. Bd2 e6 12. O-O-O Bd6 13. Ne4 Bf4 14. Qa3 Bxd2+
15. Rxd2 Ne7 16. Nd6+ Kf8 17. Ne5 Nxe5 18. dxe5 Rd8 19. Rhd1 Kg8 20. Nb5 cxb5
21. Rxd8+ Kh7 1-0

[Event "ICS Rated blitz match"]
[Site "204.178.125.65"]
[Date "2000.02.13"]
[Round "?"]
[White "AnatKarp"]
[Black "Hossa"]
[Result "1-0"]
[WhiteElo "2326"]
[BlackElo "2384"]
[PlyCount "97"]

1. c4 e5 2. Nc3 Nf6 3. e3 Bb4 4. d4 exd4 5. exd4 O-O 6. Nge2 Re8 7. Be3 Ng4 8.
Bf4 d6 9. h3 Bxc3+ 10. bxc3 Nf6 11. g4 Ne4 12. Qd3 Qh4 13. Qf3 Nc6 14. Bg2 Na5
15. O-O Nxc4 16. Qd3 d5 17. Bxc7 Qf6 18. Ng3 Nxg3 19. Bxg3 Qc6 20. Rab1 Be6 21.
Rfe1 Re7 22. f4 Rae8 23. f5 Bc8 24. Rxe7 Rxe7 25. Re1 Rxe1+ 26. Bxe1 b5 27. Qe2
Kf8 28. Bh4 f6 29. Bg3 g6 30. Qf3 gxf5 31. gxf5 Bb7 32. Bh4 a5 33. Qh5 Kg7 34.
Bg3 Qd7 35. Bf4 Kh8 36. Qe2 Bc8 37. h4 a4 38. h5 Qd8 39. h6 Bxf5 40. Bxd5 Nb6
41. Bc6 Qg8+ 42. Kf2 Bd7 43. Qe7 Qxa2+ 44. Kg3 Qg8+ 45. Kh2 Qa2+ 46. Bg2 Qxg2+
47. Kxg2 Bc6+ 48. Kf2 f5 49. Qf8# 1-0

[Event "ICS rated blitz match"]
[Site "204.178.125.65"]
[Date "2000.02.13"]
[Round "?"]
[White "kingwalk"]
[Black "Hossa"]
[Result "0-1"]
[WhiteElo "2108"]
[BlackElo "2376"]
[PlyCount "116"]

1. e4 e5 2. Nf3 Nc6 3. Bb5 Nf6 4. O-O Bc5 5. d3 d6 6. c3 O-O 7. Bg5 Bg4 8. Nbd2
a6 9. Ba4 b5 10. Bb3 Be6 11. Qe2 Qe7 12. h3 Rae8 13. Rfd1 h6 14. Be3 d5 15.
Bxc5 Qxc5 16. Nf1 Qd6 17. Ng3 Rd8 18. Bc2 dxe4 19. dxe4 Qc5 20. Bb3 Bxb3 21.
axb3 a5 22. Nf5 Rfe8 23. Nh2 h5 24. Qf3 Rxd1+ 25. Rxd1 Rd8 26. Rxd8+ Nxd8 27.
Nf1 Ne6 28. g3 Ng5 29. Qe3 Qxe3 30. N1xe3 Kf8 31. h4 Ngxe4 32. Nc2 Nd2 33. b4
a4 34. Nfe3 Ke8 35. Ne1 Kd8 36. Nd3 Nf3+ 37. Kg2 e4 38. Nc5 Ne1+ 39. Kf1 Nd3
40. Nxd3 exd3 41. f3 c6 42. Ke1 Nd7 43. Kd2 Ne5 44. f4 Nc4+ 45. Nxc4 bxc4 46.
Ke3 Kc7 47. Kd2 Kd6 48. Ke3 Ke6 49. Kd2 Kf5 50. Ke3 Kg4 51. Kd2 f5 52. Ke3 Kxg3
53. Kd2 Kxf4 54. Ke1 Ke3 55. Kd1 f4 56. Ke1 f3 57. Kd1 f2 58. b3 f1=Q# 0-1

[Event "ICS rated bullet match"]
[Site "204.178.125.65"]
[Date "2000.02.13"]
[Round "?"]
[White "strangersa"]
[Black "Hossa"]
[Result "0-1"]
[WhiteElo "2070"]
[BlackElo "2460"]
[PlyCount "146"]

1. e4 e5 2. Nf3 Nc6 3. Bc4 Nf6 4. d3 Be7 5. c3 O-O 6. O-O d5 7. exd5 Nxd5 8.
Bxd5 Qxd5 9. Be3 Rd8 10. d4 Bg4 11. h3 Bxf3 12. Qxf3 Qxf3 13. gxf3 exd4 14.
cxd4 Nxd4 15. Bxd4 Rxd4 16. Nc3 Rd2 17. Rab1 Bb4 18. Ne4 Rc2 19. Rfc1 Rxc1+ 20.
Rxc1 Rc8 21. a3 Be7 22. Kg2 f5 23. Nc3 Bf6 24. b3 Bxc3 25. Rxc3 Kf7 26. Rc5 Kf6
27. f4 c6 28. Ra5 a6 29. Rc5 Ra8 30. f3 Rd8 31. Rc3 Rd1 32. Kg3 a5 33. a4 g6
34. Re3 h6 35. Kg2 Rd2+ 36. Kg3 Rd5 37. Rc3 Rd6 38. Re3 Rd4 39. Rc3 Rd1 40. Re3
Rd6 41. Rc3 b6 42. Kf2 Kg7 43. Ke3 c5 44. Kf2 Rd1 45. Kg3 Rg1+ 46. Kf2 Rh1 47.
Kg2 Re1 48. Kg3 Kf6 49. Kf2 Rd1 50. Kg3 Kf7 51. Re3 Rd4 52. Rc3 Rb4 53. Rd3 c4
54. Rd7+ Ke8 55. Rd6 cxb3 56. Rd1 Rxa4 57. Rb1 Rb4 58. Re1+ Kf7 59. Rd1 a4 60.
Rb1 b2 61. Rd1 b1=Q 62. Rxb1 Rxb1 63. Kf2 a3 64. Ke3 a2 65. Kd4 a1=Q+ 66. Kd5
Rd1+ 67. Kc6 Qf6+ 68. Kb7 Rd7+ 69. Ka6 Qc6 70. h4 Ke8 71. h5 Kd8 72. hxg6 Qc5
73. g7 Qa5# 0-1

[Event "ICS rated bullet match"]
[Site "204.178.125.65"]
[Date "2000.02.13"]
[Round "?"]
[White "Hossa"]
[Black "strangersa"]
[Result "1-0"]
[WhiteElo "2463"]
[BlackElo "2067"]
[PlyCount "99"]

1. e4 d5 2. exd5 Qxd5 3. Nc3 Qd8 4. Nf3 Nf6 5. Bc4 e6 6. O-O Be7 7. d3 O-O 8.
Bg5 a6 9. Ne5 b5 10. Qf3 Bb7 11. Qxb7 bxc4 12. Qxa8 h6 13. Bxf6 Bxf6 14. Nxc4
Qd4 15. g3 Nd7 16. Qxa6 Nc5 17. Qa7 e5 18. Nb5 Qd5 19. Nxc7 Qc6 20. Na5 Qd6 21.
Nb5 Qe7 22. Qxe7 Bxe7 23. Nc6 Bf6 24. Nd6 Ne6 25. Ne4 Bd8 26. Nxe5 f6 27. Nc6
Bc7 28. Rfe1 Kf7 29. d4 Rc8 30. d5 Nd8 31. Na7 Ra8 32. Nb5 Bb8 33. c4 Nb7 34.
b4 Be5 35. Nc5 Nxc5 36. bxc5 Rc8 37. Rxe5 fxe5 38. Nd6+ Ke7 39. Nxc8+ Kd8 40.
c6 Kc7 41. Rb1 Kxc8 42. d6 e4 43. Rb7 e3 44. fxe3 g5 45. e4 g4 46. e5 h5 47. e6
h4 48. gxh4 g3 49. hxg3 Kd8 50. Rb8# 1-0

[Event "ICS rated bullet match"]
[Site "204.178.125.65"]
[Date "2000.02.13"]
[Round "?"]
[White "strangersa"]
[Black "Hossa"]
[Result "0-1"]
[WhiteElo "2064"]
[BlackElo "2466"]
[PlyCount "112"]

1. e4 e5 2. Nf3 Nc6 3. Bc4 Nf6 4. Ng5 d5 5. exd5 Na5 6. Bb5+ c6 7. dxc6 bxc6 8.
Qf3 Rb8 9. Bd3 h6 10. Ne4 Nd5 11. Nbc3 Nb4 12. Ng3 Nxd3+ 13. cxd3 Ba6 14. O-O
Qxd3 15. Qxd3 Bxd3 16. Re1 f6 17. b3 Bb4 18. Bb2 O-O 19. Nge4 Rfd8 20. Rac1
Bxe4 21. Nxe4 Bxd2 22. Nxd2 Rxd2 23. Bc3 Rxa2 24. Bxa5 Rxa5 25. Rxc6 Rxb3 26.
h3 Rb2 27. Rc8+ Kh7 28. Rc3 Raa2 29. Rf3 a5 30. Ree3 a4 31. g4 Kg6 32. h4 Rb4
33. Rg3 Kf7 34. Kg2 Ke6 35. g5 Rxh4 36. gxf6 gxf6 37. Rc3 Rf4 38. Rc6+ Kf5 39.
Rf3 Rxf3 40. Kxf3 h5 41. Rc4 a3 42. Rb4 Rb2 43. Ra4 a2 44. Kg2 Kg5 45. Ra5 h4
46. Ra4 Kf5 47. Ra8 Rd2 48. Ra5 Kg5 49. Ra4 f5 50. Ra3 Kg4 51. Ra8 h3+ 52. Kg1
Rd1+ 53. Kh2 a1=Q 54. Rg8+ Kf3 55. Rg3+ Kxf2 56. Rxh3 Rh1# 0-1

[Event "ICS rated bullet match"]
[Site "204.178.125.65"]
[Date "2000.02.13"]
[Round "?"]
[White "Hossa"]
[Black "strangersa"]
[Result "1-0"]
[WhiteElo "2469"]
[BlackElo "2061"]
[PlyCount "35"]

1. e4 c6 2. d4 d5 3. Nc3 dxe4 4. Nxe4 Nf6 5. Nxf6+ exf6 6. Bc4 Bd6 7. Qe2+ Qe7
8. Qxe7+ Bxe7 9. Nf3 O-O 10. O-O Bd6 11. Re1 Nd7 12. Bd3 Nb6 13. c4 c5 14. b4
Na4 15. bxc5 Bc7 16. Bc2 Nc3 17. Bb2 Ba5 18. Re3 1-0

[Event "ICS Rated blitz match"]
[Site "204.178.125.65"]
[Date "2000.02.13"]
[Round "?"]
[White "star"]
[Black "Hossa"]
[Result "1-0"]
[WhiteElo "2526"]
[BlackElo "2377"]
[PlyCount "131"]

1. Nc3 d5 2. e4 Nf6 3. exd5 Nxd5 4. Nf3 Nc6 5. Bc4 Nxc3 6. bxc3 g6 7. Qe2 Bg7
8. O-O Na5 9. Bb5+ c6 10. Bd3 O-O 11. Rb1 Re8 12. Bb2 e5 13. Rbe1 f5 14. Nd4
Qb6 15. Ba3 Rd8 16. Nb3 e4 17. Bc4+ Nxc4 18. Qxc4+ Rd5 19. Bc5 Qc7 20. f3 b5
21. Qe2 Re5 22. Bd4 Re8 23. Qf2 Be6 24. fxe4 Bxb3 25. axb3 Bxd4 26. cxd4 Rxe4
27. Rxe4 fxe4 28. Qf6 Qd7 29. Rf4 Re8 30. b4 Qd5 31. Kf2 Qc4 32. Ke3 a6 33. h4
Qd5 34. h5 Qe6 35. hxg6 hxg6 36. c3 Qxf6 37. Rxf6 Rc8 38. Rxg6+ Kf7 39. Rh6 Kg7
40. Rd6 Rc7 41. g4 Kh7 42. Kxe4 Rc8 43. g5 Kg7 44. Ke5 Re8+ 45. Re6 Rc8 46. Kd6
Rg8 47. Kxc6 Rf8 48. d5 Kh7 49. d6 Rc8+ 50. Kb7 Rd8 51. Kc7 Ra8 52. d7 a5 53.
bxa5 b4 54. d8=Q Rxd8 55. Kxd8 b3 56. a6 b2 57. a7 b1=Q 58. a8=Q Qd3+ 59. Ke7
Qh3 60. g6+ Kh6 61. Qh8+ Kg5 62. Qxh3 Kf4 63. Qh4+ Kf3 64. Re3+ Kg2 65. Re2+
Kf3 66. Rf2# 1-0

[Event "ICS rated blitz match"]
[Site "204.178.125.65"]
[Date "2000.02.13"]
[Round "?"]
[White "Hossa"]
[Black "star"]
[Result "0-1"]
[WhiteElo "2367"]
[BlackElo "2536"]
[PlyCount "112"]

1. e4 c6 2. d4 d5 3. Nc3 dxe4 4. Nxe4 Bf5 5. Ng3 Bg6 6. h4 h6 7. Nf3 Nd7 8. h5
Bh7 9. Bd3 Bxd3 10. Qxd3 Qc7 11. Bd2 Ngf6 12. O-O-O e6 13. Rde1 O-O-O 14. Rh4
Bd6 15. Ne4 Nxe4 16. Qxe4 Nf6 17. Qd3 c5 18. Qb5 cxd4 19. Rxd4 Kb8 20. Rd1 Rc8
21. Bc3 Nd5 22. R4d3 Rhd8 23. Kb1 Bf4 24. Nd4 Bg5 25. Ka1 Bf6 26. g4 Bxd4 27.
Bxd4 Qxc2 28. b3 Qe2 29. Bxg7 f6 30. Qa5 Qe5+ 31. Rd4 Qg5 32. Bxh6 Qxh6 33. Kb2
f5 34. gxf5 Qf6 35. Ka3 Qxf5 36. Ra4 Qf8+ 37. Kb2 Qxf2+ 38. Ka3 Nc3 39. Qe5+
Ka8 40. Qxc3 Qf8+ 41. Qb4 Qxb4+ 42. Rxb4 Rxd1 43. Rh4 Rh8 44. b4 Rh6 45. Rg4
Kb8 46. Rg5 Rd5 47. Rg7 Rdxh5 48. Ka4 Rh3 49. Re7 R6h5 50. Re8+ Kc7 51. Re7+
Kc8 52. Re8+ Kd7 53. Rb8 Kc7 54. a3 Kxb8 55. b5 R5h4+ 56. Ka5 Rxa3# 0-1

[Event "ICS rated standard match"]
[Site "204.178.125.65"]
[Date "2000.02.13"]
[Round "?"]
[White "star"]
[Black "Hossa"]
[Result "1-0"]
[WhiteElo "2527"]
[BlackElo "2312"]
[PlyCount "125"]

1. e4 e5 2. Bc4 Nf6 3. d3 Nc6 4. Bg5 Na5 5. Nc3 Nxc4 6. dxc4 Bb4 7. Nge2 d6 8.
a3 Bc5 9. O-O Be6 10. Qd3 a5 11. Nd5 c6 12. Nxf6+ gxf6 13. Be3 Bxe3 14. fxe3
Qe7 15. Ng3 Rg8 16. Nf5 Bxf5 17. Rxf5 Rg6 18. Raf1 b6 19. Qb3 Rb8 20. h4 Kd8
21. h5 Rh6 22. R1f3 Qe6 23. Rg3 Qe8 24. Qd3 Kd7 25. Qe2 Qh8 26. Qg4 Ke7 27. b3
Qf8 28. a4 Re8 29. Rf2 Kd8 30. Rff3 Kc7 31. Rf5 Kd8 32. c3 Ke7 33. Rf1 Rb8 34.
Qd1 Qc8 35. Rf2 Qh8 36. Rd2 Rd8 37. Qg4 Qf8 38. Rf2 Ra8 39. Qh4 Rc8 40. Qh3 b5
41. Qg4 bxc4 42. bxc4 Rb8 43. Qd1 Rb7 44. Kh2 Qb8 45. c5 dxc5 46. Rd2 c4 47.
Qg4 Rc7 48. Rf3 Qf8 49. Rf5 Rb7 50. Qe2 Rd7 51. Rxd7+ Kxd7 52. Qxc4 Kc7 53. g4
Kd7 54. Rf1 Qe7 55. Rd1+ Kc7 56. Qa6 Qc5 57. Qa8 Qd4 58. exd4 f5 59. dxe5 c5
60. Qd8+ Kb7 61. Rd7+ Ka6 62. Qc8+ Kb6 63. Qb7# 1-0

[Event "ICS rated blitz match"]
[Site "204.178.125.65"]
[Date "2000.02.13"]
[Round "?"]
[White "Hossa"]
[Black "lwalter"]
[Result "0-1"]
[WhiteElo "2358"]
[BlackElo "2200"]
[PlyCount "101"]

1. e4 c5 2. Nf3 d6 3. d4 cxd4 4. Nxd4 Nf6 5. Nc3 a6 6. Bg5 e6 7. f4 Be7 8. Qf3
Qc7 9. O-O-O Nbd7 10. g4 b5 11. Bxf6 Nxf6 12. g5 Nd7 13. f5 Nc5 14. f6 gxf6 15.
gxf6 Bf8 16. Rg1 Bd7 17. Rg7 b4 18. Nd5 exd5 19. exd5 O-O-O 20. Rxf7 Bh6+ 21.
Kb1 Rdf8 22. Ne6 Rxf7 23. Nxc7 Kxc7 24. a3 bxa3 25. Qxa3 Rb8 26. Qc3 Bg5 27.
Bxa6 Bxf6 28. Qa5+ Rb6 29. Bc4 Bxb2 30. Qa7+ Rb7 31. Qa5+ Rb6 32. Qa7+ Nb7 33.
Bb3 Be5 34. Kc1 Rf2 35. Re1 Bc3 36. Rg1 Rxh2 37. Rf1 h5 38. Kb1 h4 39. Kc1 h3
40. Kd1 Rg2 41. Kc1 h2 42. Kd1 Rg1 43. Ke2 h1=Q 44. Qb8+ Kxb8 45. Rxg1 Qxg1 46.
Kd3 Qg3+ 47. Ke2 Nc5 48. Ba2 Rb4 49. Kf1 Rf4+ 50. Ke2 Rf2+ 51. Kd1 0-1

[Event "ICS rated blitz match"]
[Site "204.178.125.65"]
[Date "2000.02.13"]
[Round "?"]
[White "Hossa"]
[Black "buzdovan"]
[Result "1-0"]
[WhiteElo "2337"]
[BlackElo "2098"]
[PlyCount "29"]

1. e4 c6 2. d4 d5 3. Nc3 dxe4 4. Nxe4 Nf6 5. Nxf6+ exf6 6. Bc4 Bd6 7. Qe2+ Qe7
8. Qxe7+ Kxe7 9. Nf3 Re8 10. O-O Kf8 11. Be3 f5 12. Ng5 f4 13. Nxf7 Bc7 14. Bd2
h6 15. Bb4+ 1-0

[Event "ICS rated blitz match"]
[Site "204.178.125.65"]
[Date "2000.02.13"]
[Round "?"]
[White "blackbear2"]
[Black "Hossa"]
[Result "0-1"]
[WhiteElo "2254"]
[BlackElo "2343"]
[PlyCount "80"]

1. c4 e5 2. g3 Nf6 3. Bg2 c6 4. d4 exd4 5. Qxd4 d5 6. Nf3 Be7 7. O-O O-O 8. Bf4
c5 9. Qc3 Nc6 10. Na3 Re8 11. Rad1 d4 12. Qc1 a6 13. Nc2 Qa5 14. a3 Qa4 15.
Nce1 Bg4 16. Nd3 Qb3 17. Rfe1 Nd7 18. Nd2 Qa4 19. Bc7 Na5 20. b3 Nxb3 21. Qc2
Rac8 22. Bf4 b5 23. Qxb3 Qxb3 24. Nxb3 bxc4 25. Bb7 cxb3 26. Bxc8 Rxc8 27. Nb2
Be6 28. e3 g5 29. exd4 cxd4 30. Be5 Nxe5 31. Rxe5 Bxa3 32. Rxg5+ Kf8 33. Nd3 b2
34. Ra5 Rc1 35. Nxb2 Bxb2 36. Rxc1 Bxc1 37. Rxa6 d3 38. Ra8+ Kg7 39. Kf1 Bh3+
40. Ke1 d2+ 0-1

[Event "ICS rated blitz match"]
[Site "204.178.125.65"]
[Date "2000.02.13"]
[Round "?"]
[White "Hossa"]
[Black "Amateur"]
[Result "1/2-1/2"]
[WhiteElo "2355"]
[BlackElo "2386"]
[PlyCount "171"]

1. e4 e6 2. d4 d5 3. Nc3 Bb4 4. e5 Ne7 5. a3 Bxc3+ 6. bxc3 c5 7. Nf3 Nbc6 8.
Bd3 c4 9. Be2 Qa5 10. Bd2 O-O 11. O-O Ng6 12. Qc1 Rb8 13. Re1 Bd7 14. Qb2 f6
15. exf6 Rxf6 16. Rab1 Rf5 17. Rbd1 Nf4 18. Bxf4 Rxf4 19. Rb1 b5 20. Bf1 Rbf8
21. Qxb5 Qxc3 22. Qb2 Qxb2 23. Rxb2 Nxd4 24. Nxd4 Rxd4 25. Rb7 Ba4 26. c3 Rd1
27. Rxd1 Bxd1 28. Re7 a5 29. Rxe6 Rd8 30. Ra6 a4 31. Ra7 Bb3 32. Rc7 d4 33.
cxd4 Rxd4 34. g3 Rd1 35. Kg2 Ra1 36. Bxc4+ Bxc4 37. Rxc4 Rxa3 38. Rc8+ Kf7 39.
Rc7+ Kg6 40. Rc6+ Kh5 41. f4 Rd3 42. Ra6 a3 43. h3 Re3 44. Ra5+ Kg6 45. Ra6+
Kf5 46. Ra7 Kg6 47. Ra6+ Kf7 48. Ra7+ Kf6 49. Ra6+ Ke7 50. Ra7+ Kf8 51. Ra8+
Kf7 52. Ra7+ Kf6 53. Ra6+ Kf5 54. Ra7 g6 55. Rxh7 Rb3 56. Rf7+ Ke4 57. h4 a2
58. Ra7 Rb2+ 59. Kh3 Kd3 60. Kg4 Rg2 61. Ra3+ Kc4 62. h5 gxh5+ 63. Kxh5 Kb4 64.
Ra7 Kb3 65. Rb7+ Ka3 66. Ra7+ Kb2 67. Rb7+ Kc2 68. Ra7 Kb1 69. g4 Rf2 70. Kg6
Rxf4 71. Rxa2 Kxa2 72. g5 Kb3 73. Kh5 Rf5 74. Kg6 Rf1 75. Kh6 Rh1+ 76. Kg7 Kc4
77. Kf6 Rf1+ 78. Ke5 Re1+ 79. Kf6 Kd5 80. g6 Rf1+ 81. Ke7 Kc6 82. g7 Rg1 83.
Kf7 Rf1+ 84. Ke7 Re1+ 85. Kf7 Rf1+ 86. Ke7 1/2-1/2

[Event "ICS rated blitz match"]
[Site "204.178.125.65"]
[Date "2000.02.13"]
[Round "?"]
[White "Amateur"]
[Black "Hossa"]
[Result "1/2-1/2"]
[WhiteElo "2385"]
[BlackElo "2356"]
[PlyCount "140"]
[EventDate "2000.??.??"]

1. e4 e5 2. Nf3 Nc6 3. Bb5 Nf6 4. O-O Bc5 5. c3 O-O 6. d4 Bb6 7. Bg5 exd4 8. e5
h6 9. exf6 hxg5 10. fxg7 Kxg7 11. cxd4 g4 12. Nfd2 Qh4 13. Bxc6 bxc6 14. g3 Qh3
15. Re1 Bxd4 16. Nc3 Rh8 17. Nf1 Bf6 18. Qa4 Rb8 19. Nd1 Rb7 20. Rc1 Rb6 21.
Nde3 Bxb2 22. Rc2 Be5 23. Nxg4 Ba6 24. Nxe5 Bxf1 25. f4 Bb5 26. Qxa7 Rbb8 27.
Qxc7 Rbe8 28. Rd2 Re7 29. Ra1 f6 30. a4 fxe5 31. axb5 cxb5 32. Qc5 Rhe8 33. Re1
e4 34. Qxb5 Kf8 35. Qc5 Kf7 36. Rde2 Rh8 37. Qd5+ Kg6 38. Rb1 Kg7 39. Qd4+ Kf7
40. Rb6 d6 41. Qd5+ Qe6 42. Rxd6 Qxd5 43. Rxd5 Rg8 44. Re3 Rc8 45. g4 Rc1+ 46.
Kf2 Rh1 47. Kg2 Rb1 48. h4 Rb2+ 49. Kg3 Rb1 50. g5 Rg1+ 51. Kh2 Rf1 52. f5 Re8
53. h5 Rc8 54. Rxe4 Rcc1 55. Rd7+ Kf8 56. Rd8+ Kf7 57. g6+ Kf6 58. Rf8+ Kg5 59.
g7 Rh1+ 60. Kg3 Rhg1+ 61. Kf3 Rgf1+ 62. Ke3 Rfe1+ 63. Kf3 Rf1+ 64. Kg2 Rg1+ 65.
Kf2 Rgf1+ 66. Kg3 Rg1+ 67. Kh2 Rh1+ 68. Kg2 Rhg1+ 69. Kh3 Rh1+ 70. Kg3 Rhg1+
1/2-1/2

[Event "ICS rated blitz match"]
[Site "204.178.125.65"]
[Date "2000.02.13"]
[Round "?"]
[White "Hossa"]
[Black "stop69"]
[Result "1-0"]
[WhiteElo "2357"]
[BlackElo "2359"]
[PlyCount "34"]

1. e4 e5 2. Nf3 Nc6 3. Bb5 Nf6 4. O-O Nxe4 5. d4 Nd6 6. Bxc6 dxc6 7. dxe5 Nf5
8. Qxd8+ Kxd8 9. Nc3 Ke8 10. Ne2 Be6 11. Nf4 Bd5 12. Nxd5 cxd5 13. g4 Ne7 14.
Bf4 Ng6 15. Bg3 h5 16. gxh5 Rxh5 17. Rad1 Rd8 1-0

[Event "ICS rated blitz match"]
[Site "204.178.125.65"]
[Date "2000.02.13"]
[Round "?"]
[White "blackbear2"]
[Black "Hossa"]
[Result "0-1"]
[WhiteElo "2222"]
[BlackElo "2373"]
[PlyCount "33"]

1. c4 e5 2. Nc3 Nf6 3. g3 c6 4. Bg2 d5 5. cxd5 cxd5 6. d4 exd4 7. Qxd4 Nc6 8.
Qa4 Bb4 9. Bd2 Qb6 10. Nf3 Bc5 11. O-O O-O 12. Qb5 Qxb5 13. Nxb5 Bg4 14. Bc3
Ne4 15. Bd4 Bxf3 16. Bxc5 Bxg2 17. Bxf8 0-1

[Event "ICS rated blitz match"]
[Site "204.178.125.65"]
[Date "2000.02.13"]
[Round "?"]
[White "KCtan"]
[Black "Hossa"]
[Result "1/2-1/2"]
[WhiteElo "2143"]
[BlackElo "2396"]
[PlyCount "50"]

1. d4 d5 2. Nf3 Nf6 3. c4 e6 4. Nc3 c6 5. e3 Bd6 6. Bd3 b6 7. O-O O-O 8. Re1
Ba6 9. b3 Qc7 10. e4 Bb4 11. Bd2 Bxc3 12. Bxc3 dxe4 13. Bxe4 Nxe4 14. Rxe4 Nd7
15. Qc2 Qd6 16. Rh4 h6 17. Re1 Rad8 18. Qc1 Bb7 19. Rxh6 gxh6 20. Qxh6 Qe7 21.
d5 f6 22. dxe6 Nc5 23. Qg6+ Kh8 24. Qh6+ Kg8 25. Qg6+ Kh8 1/2-1/2

[Event "ICS rated blitz match"]
[Site "204.178.125.65"]
[Date "2000.02.13"]
[Round "?"]
[White "Hossa"]
[Black "KCtan"]
[Result "1-0"]
[WhiteElo "2399"]
[BlackElo "2140"]
[PlyCount "43"]

1. e4 c5 2. Nf3 d6 3. d4 cxd4 4. Nxd4 Nf6 5. Nc3 g6 6. Be3 Bg7 7. f3 Nc6 8. Qd2
O-O 9. Be2 d5 10. O-O-O Nxd4 11. Bxd4 dxe4 12. fxe4 Be6 13. Rhf1 Qa5 14. a3
Rfc8 15. Qf4 a6 16. g4 b5 17. Bf3 Rab8 18. g5 Ne8 19. Bg4 Bxd4 20. Bxe6 Bxc3
21. Qxf7+ Kh8 22. Qf8# 1-0

[Event "ICS rated blitz match"]
[Site "204.178.125.65"]
[Date "2000.02.13"]
[Round "?"]
[White "Hossa"]
[Black "KCtan"]
[Result "1-0"]
[WhiteElo "2411"]
[BlackElo "2128"]
[PlyCount "55"]

1. e4 c5 2. Nf3 d6 3. d4 cxd4 4. Nxd4 Nf6 5. Nc3 g6 6. Be3 Bg7 7. f3 Nc6 8. Qd2
O-O 9. Be2 d5 10. O-O-O Nxd4 11. Bxd4 dxe4 12. fxe4 Be6 13. Rhf1 Qa5 14. a3 b5
15. Qg5 Rab8 16. Qc5 Nd7 17. Qxa7 Qxa7 18. Bxa7 b4 19. Bxb8 bxc3 20. Bc7 cxb2+
21. Kb1 Rc8 22. Ba5 Bf6 23. c3 Kg7 24. Kxb2 Nc5 25. Rd8 Na4+ 26. Kc2 Rc6 27.
Rf3 Bg4 28. Rxf6 1-0